When you were me /

Guardat en:
Dades bibliogràfiques
Autor principal: Rodi, Robert
Format: Llibre
Idioma:anglès
Publicat: New York : Kensington, 2008
Etiquetes: Afegir etiqueta
Sense etiquetes, Sigues el primer a etiquetar aquest registre!

MARC

LEADER 00000nam a22000007i 4500
001 IT\ICCU\UBO\3818473
003 ItRI
005 20260115231821.0
008 101005s2008 xxu|||||| ||||| |||||c
020 |a 0758215347 
020 |a 9780758215345 
040 |b ita  |c importazione bologna sebina 
041 7 |a eng  |2 ISO-639-2 
100 1 |a Rodi, Robert  |0 IT\ICCU\VIAV\099833 
245 1 0 |a When you were me /  |c Robert Rodi. 
260 |a New York :  |b Kensington,  |c 2008 
300 |a 426 p. ;  |c 21 cm. 
942 |2 ddc  |c BK  |n 0 
952 |0 0  |1 0  |4 0  |6 DOC_813_600000000000000_ROD  |7 0  |9 13418  |a BO  |b BO  |d 2026-01-15  |i 14213  |l 0  |o DOC 813.6 ROD  |p BO14213  |r 2026-01-15 23:18:21  |w 2026-01-15  |x [Sebina 5] [1 v.]  |y BK  |z 1 v. 
999 |c 11529  |d 11529